000 01074nam a2200253Ia 4500
003 OSt
005 20250829111954.0
008 221004b |||||||| |||| 00| 0 hin d
020 _a9788123017013 (pbk)
037 _cTB
040 _aCRL
_cCRL
_bhin
041 _2hin
_ahin
084 _aV2:51y7M56 152Q1
_qCRL
100 _aशर्मा, विष्णुचन्द्र, ले.
_9160935
245 0 _aस्वराज्य के मंत्रदाता तिलक
246 _aSvarājya ke mantradātā tilaka
260 _aनई दिल्ली
_bप्रकाशन विभाग भारत
_c2011
300 _a65पृ0
_ccm.
490 _aभारत के अमर चरित्र
650 _a भारतीय स्वतंत्रता सेनानी
_9156352
650 _aभारत-इतिहास
_9156353
942 _hV2:51y7M56 152Q1
_cTB
_2cc
_n0
999 _c1015774
_d1015774